Social banking (Record no. 683)
[ view plain ]
| 000 -LEADER | |
|---|---|
| fixed length control field | 00981 a2200253 4500 |
| 008 - FIXED-LENGTH DATA ELEMENTS--GENERAL INFORMATION | |
| fixed length control field | 080820t xxu||||| |||| 00| 0 eng d |
| 010 ## - LIBRARY OF CONGRESS CONTROL NUMBER | |
| LC control number | ENG-84901 |
| 020 ## - INTERNATIONAL STANDARD BOOK NUMBER | |
| International Standard Book Number | 817596281X |
| Terms of availability | 425.00 |
| 035 ## - SYSTEM CONTROL NUMBER | |
| System control number | EN-68434 |
| 037 ## - SOURCE OF ACQUISITION | |
| Source of stock number/acquisition | D.B.Act / Pub |
| 082 ## - DEWEY DECIMAL CLASSIFICATION NUMBER | |
| Classification number | 332.1 |
| 100 ## - MAIN ENTRY--PERSONAL NAME | |
| Personal name | Joshi, Deepali Pant. |
| 245 ## - TITLE STATEMENT | |
| Title | Social banking |
| Remainder of title | promise, performamce, and potential |
| Statement of responsibility, etc | Deepali Pant Joshi. |
| 260 ## - PUBLICATION, DISTRIBUTION, ETC. (IMPRINT) | |
| Place of publication, distribution, etc | New Delhi |
| Name of publisher, distributor, etc | Foundation Books, |
| Date of publication, distribution, etc | 2006. |
| 270 ## - ADDRESS | |
| Address | 4381/4, Ansari Road, Darya Ganj |
| City | Delhi |
| State or province | Delhi |
| Postal code | 110001 |
| 300 ## - PHYSICAL DESCRIPTION | |
| Extent | xi, 185 p. ; |
| Dimensions | 24 cm. (Hb) |
| 500 ## - GENERAL NOTE | |
| General note | Includes bibliographical references |
| 520 ## - SUMMARY, ETC. | |
| Summary, etc | With reference to India. |
| 650 ## - SUBJECT ADDED ENTRY--TOPICAL TERM | |
| Topical term or geographic name as entry element | Banks and banking |
| Geographic subdivision | India. |
| 650 ## - SUBJECT ADDED ENTRY--TOPICAL TERM | |
| Topical term or geographic name as entry element | Agricultural credit |
| Geographic subdivision | India. |
| 650 ## - SUBJECT ADDED ENTRY--TOPICAL TERM | |
| Topical term or geographic name as entry element | Rural credit |
| Geographic subdivision | India. |
| 942 ## - ADDED ENTRY ELEMENTS (KOHA) | |
| Institution code [OBSOLETE] | dpl |
| Koha item type | English Books |
| Call number prefix | 332.1 / JOS |
| Source of classification or shelving scheme | Dewey Decimal Classification |
| Classification part | 332.1 |
| Call number suffix | JOS |
| Withdrawn status | Lost status | Damaged status | Not for loan | Home library | Current library | Date acquired | Cost, normal purchase price | Total Checkouts | Full call number | Barcode | Date last seen | Copy number | Uniform Resource Identifier | Cost, replacement price | Price effective from | Koha item type |
|---|---|---|---|---|---|---|---|---|---|---|---|---|---|---|---|---|
| D.B.Act.Division | D.B.Act.Division | 20/08/2008 | 425.00 | 332.1 JOS | EN-68434 | 15/09/2008 | 1 | 659 | 425.00 | 15/09/2008 | English Books |
